000 00781nam a2200229Ia 4500
003 OSt
005 20210603085352.0
008 210310s1953 ag gr 001 0 spa d
040 _aCO-JMCR
_cCO-JMCR
041 1 _aspa
_heng
082 0 4 _a336.001 /
_bD152p
_223
100 1 _aDalton, Hugh,
_915700
_eautor
245 1 0 _aPrincipios de finanzas públicas /
_cHugh Dalton
250 _aSegunda edición
260 _aBuenos Aires :
_bEdiciones Arayú,
_c1953
300 _aix, 366 páginas ;
_c21 cm.
500 _aTítulo original: Principles of public finance Incluye índice de materias.
505 0 _aIntroducción -- Ingresos públicos -- Gastos públicos -- Deudas públicas
546 _aTraducido del inglés.
650 1 4 _aHacienda pública
_915702
942 _2ddc
_cBK
999 _c7877
_d7877